• 首页
  • 本馆介绍
  • 公告通知
  • 最新文献
  • 馆藏检索
  • 电子资源
  • 读者导购
  • 参考咨询
  • 我的图书馆
  • 登录
  • 详细信息显示
  • 放入我的书架
  • 预约/预借图书
  • 作者相关作品
  • 分类相关作品
  • 丛书相关作品
  • 出版社相关作品

书目信息

  • 表格格式
  • 工作单格式
  • 卡片格式
题名:
灯谜趣事
    
 
作者: 李焱 著
分册:  
出版信息: 北京   中国文史出版社  2015
页数: 272页
开本: 24cm
丛书名:
单 册:
中图分类: I207.7 , I277.8
科图分类:
主题词: 灯谜--典故--中国 , 灯谜--中国--汇编
电子资源:
ISBN: 978-7-5034-5756-2
000 00746nam0 2200253 450
001 2224
005 20180522173207.92
010    @a978-7-5034-5756-2@dCNY33.80
100    @a20150310d2015 em y0chiy50 ea
101 0  @achi
102    @aCN@b110000
105    @aa z 000yy
200 1  @a灯谜趣事@9deng mi qu shi@f李焱著
210    @a北京@c中国文史出版社@d2015
215    @a272页@c图@d24cm
300    @a民俗经典
330    @a本书分十章,主要内容包括:灯谜知识、名人灯谜、名著灯谜、名句灯谜、名胜灯谜、历史灯谜、汉字灯谜、成员灯谜等。
606 0  @a灯谜@x典故@y中国
606 0  @a灯谜@y中国@j汇编
690    @aI207.7@v5
690    @aI277.8@v5
701  0 @a李焱@9li yan@4著
801  0 @aCN@b91MARC@c20150310
905    @aMuseLib@dI207.7@e865
    
    灯谜趣事/李焱著.-北京:中国文史出版社,2015
    272页:图;24cm
    民俗经典
    
    ISBN 978-7-5034-5756-2:CNY33.80
    本书分十章,主要内容包括:灯谜知识、名人灯谜、名著灯谜、名句灯谜、名胜灯谜、历史灯谜、汉字灯谜、成员灯谜等。
●
相关链接 在E读中查询图书 在五车中查询图书 在当当中查询图书 在豆瓣中查询图书


正题名:灯谜趣事     索取号:I207.7/865         预约/预借

序号 登录号 条形码 馆藏地/架位号 状态 备注
1 1108444   211084440   第一样本阅览室/ [索取号:I207.7/865] 在馆    
2 1108445   211084459   教育系资料室/ [索取号:I207.7/865] 在馆    
3 1108446   211084468   教育系资料室/ [索取号:I207.7/865] 在馆    
4 1108447   211084477   第二借阅区/ [索取号:I207.7/865] 在馆    
唐山师范学院图书馆 欢迎您!
大连网信软件有限公司© 版权所有